[Event "SC Klein-Berlin Rheine 1 - SK Münster 2"]
[Site "Regionalliga Münsterland 2018"]
[Date "2019.02.02"]
[Round "6.1"]
[White "Wieder, Heiner"]
[Black "Bruemmer, Frank"]
[Result "0-1"]
[WhiteElo "2089"]
[BlackElo "2160"]
[PlyCount "54"]
[EventDate "2019.??.??"]
[SourceDate "2019.02.09"]

1. e4 e6 2. d4 d5 3. Nd2 Nc6 4. Ngf3 Nf6 5. e5 Nd7 6. b3 f6 7. Bb2 Be7 8. Bd3
Nb4 9. Be2 c5 10. c3 Nc6 11. exf6 Nxf6 12. O-O cxd4 13. cxd4 Qb6 14. Rc1 Bd7
15. Bd3 O-O 16. a3 a5 17. Qe2 Bd6 18. Ne5 Rae8 19. Ndf3 Re7 20. Rc3 Be8 21.
Rfc1 Bh5 22. Nxc6 bxc6 23. Rxc6 Qb8 24. h3 Bxf3 25. Qxf3 Ne4 26. Rc8 Rxc8 27.
Rxc8+ Qxc8 0-1

[Event "SC Klein-Berlin Rheine 1 - SK Münster 2"]
[Site "Regionalliga Münsterland 2018"]
[Date "2019.02.02"]
[Round "6.2"]
[White "Ottens, Stephan"]
[Black "Korth, Daniel"]
[Result "1/2-1/2"]
[WhiteElo "2064"]
[BlackElo "2135"]
[PlyCount "82"]
[EventDate "2019.??.??"]
[SourceDate "2019.02.09"]

1. e4 e5 2. Nf3 Nc6 3. Bb5 a6 4. Bxc6 dxc6 5. O-O f6 6. d4 exd4 7. Nxd4 c5 8.
Nb3 Qxd1 9. Rxd1 Bg4 10. f3 Bd7 11. Be3 b6 12. a4 a5 13. Nc3 O-O-O 14. Bf4 Ne7
15. Nb5 Bxb5 16. axb5 Ng6 17. Rxd8+ Kxd8 18. Rd1+ Kc8 19. Bg3 Be7 20. Kf2 Rd8
21. Rxd8+ Bxd8 22. Nd2 Kd7 23. Nc4 c6 24. Nd6 Be7 25. bxc6+ Kxc6 26. Nf5 Bf8
27. Ke2 b5 28. b3 a4 29. bxa4 bxa4 30. Kd3 Kb5 31. Kc3 Ne5 32. Bxe5 fxe5 33.
Ne3 a3 34. Kb3 c4+ 35. Ka2 h5 36. c3 g6 37. Nc2 Ka4 38. g3 Bd6 39. Ne3 Kb5 40.
Nc2 Ka4 41. Ne3 Kb5 1/2-1/2

[Event "SC Klein-Berlin Rheine 1 - SK Münster 2"]
[Site "Regionalliga Münsterland 2018"]
[Date "2019.02.02"]
[Round "6.3"]
[White "Baumann, Stephan"]
[Black "Averkamp Peters, Jens"]
[Result "0-1"]
[WhiteElo "2034"]
[BlackElo "1922"]
[PlyCount "66"]
[EventDate "2019.??.??"]
[SourceDate "2019.02.09"]

1. e4 d5 2. Nc3 d4 3. Nce2 e5 4. f4 Bg4 5. d3 exf4 6. Bxf4 Bb4+ 7. Bd2 Bd6 8.
g3 Nc6 9. Bg2 h5 10. Nf3 h4 11. O-O Bxf3 12. Rxf3 hxg3 13. h3 Qd7 14. Qf1 Ne5
15. Rxg3 Nf6 16. Bf4 Nh5 17. Bxe5 Bxe5 18. Rf3 g5 19. Rf5 f6 20. Rd1 g4 21. h4
O-O-O 22. Qe1 Ng7 23. Rf1 Qd6 24. c3 Ne6 25. cxd4 Nxd4 26. Nc3 Bh2+ 27. Kh1 Bg3
28. e5 Rxh4+ 29. Kg1 Qb6 30. Rf2 Nf3+ 31. Bxf3 gxf3 32. Ne4 Bxf2+ 33. Qxf2 Rg8+
0-1

[Event "SC Klein-Berlin Rheine 1 - SK Münster 2"]
[Site "Regionalliga Münsterland 2018"]
[Date "2019.02.02"]
[Round "6.4"]
[White "Langhans, Joerg"]
[Black "Seegers, Hendrik"]
[Result "0-1"]
[WhiteElo "1955"]
[BlackElo "2062"]
[PlyCount "84"]
[EventDate "2019.??.??"]
[SourceDate "2019.02.09"]

1. e4 d5 2. exd5 Nf6 3. d4 Nxd5 4. Nf3 g6 5. c4 Nb6 6. h3 Bg7 7. Nc3 O-O 8. Be3
Nc6 9. Qd2 e5 10. d5 Ne7 11. g4 f5 12. O-O-O e4 13. Nh2 Bd7 14. Qc2 Qe8 15. Kb1
Na4 16. Bd4 Nxc3+ 17. Qxc3 Qf7 18. Be2 Rae8 19. Rhe1 b6 20. f3 exf3 21. Bxf3
fxg4 22. Bxg4 Nf5 23. Bxg7 Qxg7 24. Qxg7+ Kxg7 25. Kc1 h5 26. Bxf5 Bxf5 27. h4
Kh6 28. Rxe8 Rxe8 29. Nf3 Bg4 30. Rd3 Re4 31. Ng5 Rxc4+ 32. Rc3 Rxc3+ 33. bxc3
Kg7 34. Kd2 Kf6 35. c4 Ke5 36. Ke3 b5 37. Ne6 Bxe6 38. dxe6 Kxe6 39. cxb5 Kf5
40. Kf3 g5 41. hxg5 Kxg5 42. Kg3 Kf5 0-1

[Event "SC Klein-Berlin Rheine 1 - SK Münster 2"]
[Site "Regionalliga Münsterland 2018"]
[Date "2019.02.02"]
[Round "6.5"]
[White "Wingenfeld, Klaus"]
[Black "Langhanke, Guenther"]
[Result "1/2-1/2"]
[WhiteElo "1895"]
[BlackElo "1932"]
[PlyCount "47"]
[EventDate "2019.??.??"]
[SourceDate "2019.02.09"]

1. d4 d5 2. Bf4 Nf6 3. e3 c5 4. c3 Nc6 5. Nd2 e6 6. Ngf3 Bd6 7. Bg3 O-O 8. Bd3
b6 9. e4 Be7 10. e5 Nh5 11. Ng5 Bxg5 12. Qxh5 g6 13. Qe2 cxd4 14. h4 dxc3 15.
hxg5 cxd2+ 16. Qxd2 Qe7 17. a3 Bb7 18. Qf4 h5 19. gxh6 Kh7 20. Bh4 Qc7 21. Qf6
Qxe5+ 22. Kd2 Qxf6 23. Bxf6 Rac8 24. b4 1/2-1/2

[Event "SC Klein-Berlin Rheine 1 - SK Münster 2"]
[Site "Regionalliga Münsterland 2018"]
[Date "2019.02.02"]
[Round "6.6"]
[White "Bruemmer, Andreas"]
[Black "Meyer, Ulrich"]
[Result "1-0"]
[WhiteElo "1906"]
[BlackElo "1925"]
[PlyCount "81"]
[EventDate "2019.??.??"]
[SourceDate "2019.02.09"]

1. d4 d5 2. c4 e6 3. Nf3 Nf6 4. g3 Be7 5. Bg2 c6 6. Qc2 O-O 7. O-O Ne4 8. Nc3
f5 9. Bf4 Nd7 10. Rab1 Qa5 11. cxd5 exd5 12. Ne5 Nxe5 13. Bxe5 Nxc3 14. bxc3 b5
15. Qb3 Be6 16. f3 g5 17. f4 a6 18. e4 Qd8 19. fxg5 Bxg5 20. Bh3 Qd7 21. exf5
Bxf5 22. Rxf5 Rxf5 23. Qc2 Raf8 24. a4 Be3+ 25. Kh1 Qf7 26. Qe2 Bg5 27. axb5
axb5 28. Qg4 h6 29. Qxf5 Qxf5 30. Bxf5 Rxf5 31. Kg2 Be3 32. Rb2 Rf7 33. Ra2 Re7
34. Kf3 Bg5 35. h4 Bc1 36. Kg4 Kf7 37. Kf5 Re6 38. g4 Re8 39. g5 hxg5 40. hxg5
Kg8 41. Rh2 1-0

[Event "SC Klein-Berlin Rheine 1 - SK Münster 2"]
[Site "Regionalliga Münsterland 2018"]
[Date "2019.02.02"]
[Round "6.7"]
[White "Peters, Helmut"]
[Black "Hemmert, Michael"]
[Result "1-0"]
[WhiteElo "1955"]
[BlackElo "1787"]
[PlyCount "81"]
[EventDate "2019.??.??"]
[SourceDate "2019.02.09"]

1. d4 f5 2. Nc3 Nf6 3. Bf4 g6 4. e3 Bg7 5. Nf3 O-O 6. Bd3 d6 7. O-O c6 8. a4 a5
9. Qd2 Qe8 10. e4 fxe4 11. Nxe4 Bg4 12. Nxf6+ Bxf6 13. Bc4+ d5 14. Be2 Nd7 15.
Rfe1 Qf7 16. Bg3 Bf5 17. Rac1 Qg7 18. c4 e6 19. h3 g5 20. Bd3 Qg6 21. Bxf5 Qxf5
22. Ne5 Nxe5 23. Bxe5 Be7 24. Qe2 Bb4 25. Red1 Rf7 26. c5 Raf8 27. Bd6 Re8 28.
Rd3 Qg6 29. Rg3 Rf5 30. Rf1 h5 31. f4 Kh7 32. fxg5 Rxg5 33. Rxg5 Qxg5 34. Rf7+
Kg6 35. Rxb7 Qf5 36. Be5 h4 37. Rg7+ Kh6 38. Qe3+ Kh5 39. Bf4 Qb1+ 40. Kh2 Qe1
41. Qf3# 1-0

[Event "SC Klein-Berlin Rheine 1 - SK Münster 2"]
[Site "Regionalliga Münsterland 2018"]
[Date "2019.02.02"]
[Round "6.8"]
[White "Van Dijk, Guido"]
[Black "Ollech, Dirk"]
[Result "1/2-1/2"]
[WhiteElo "1769"]
[BlackElo "1884"]
[PlyCount "33"]
[EventDate "2019.??.??"]
[SourceDate "2019.02.09"]

1. e4 c5 2. Nf3 d6 3. c3 Nf6 4. Bd3 Nc6 5. Bc2 Bg4 6. h3 Bxf3 7. Qxf3 g6 8. d3
Bg7 9. O-O O-O 10. Be3 Rc8 11. Nd2 b5 12. Rac1 b4 13. Bb3 Qb6 14. Qe2 a5 15. f4
Ra8 16. Ba4 Rac8 17. Qf2 1/2-1/2

[Event "SC Gronau 1 - SK Bocholt 1"]
[Site "Regionalliga Münsterland 2018"]
[Date "2019.02.02"]
[Round "6.1"]
[White "Fuest, Martin"]
[Black "Buendgen, Achim"]
[Result "1/2-1/2"]
[WhiteElo "2122"]
[BlackElo "2114"]
[PlyCount "84"]
[EventDate "2019.??.??"]
[SourceDate "2019.02.09"]

1. d4 g6 2. Nf3 Bg7 3. g3 c5 4. c3 Na6 5. Bg2 Nf6 6. O-O O-O 7. Nbd2 d5 8. Ne5
Bf5 9. e3 Qc8 10. Re1 Bh3 11. Bh1 Ng4 12. Nxg4 Bxg4 13. Qb3 c4 14. Qc2 Bf5 15.
e4 dxe4 16. Bxe4 Bxe4 17. Qxe4 e6 18. Qe2 b5 19. a4 b4 20. Nxc4 Nc7 21. Ne3 Rb8
22. Bd2 bxc3 23. bxc3 Qd7 24. a5 Rfc8 25. Rec1 h5 26. h4 Rb3 27. Rcb1 Rxb1+ 28.
Rxb1 Qa4 29. Qc4 Qxc4 30. Nxc4 Nd5 31. Ne5 Bxe5 32. dxe5 Nxc3 33. Rb7 a6 34.
Ra7 Ne4 35. Be3 Rc6 36. Kg2 Nc5 37. Kf3 Nd3 38. Ke4 Nb4 39. Ra8+ Kg7 40. Bg5
Nd5 41. Be3 Nc3+ 42. Kd3 Nd5 1/2-1/2

[Event "SC Gronau 1 - SK Bocholt 1"]
[Site "Regionalliga Münsterland 2018"]
[Date "2019.02.02"]
[Round "6.2"]
[White "Monsma, Menno"]
[Black "Liesmann, Karsten"]
[Result "1/2-1/2"]
[WhiteElo "2096"]
[BlackElo "1998"]
[PlyCount "43"]
[EventDate "2019.??.??"]
[SourceDate "2019.02.09"]

1. c4 e6 2. Nc3 d5 3. d4 c5 4. cxd5 cxd4 5. Qa4+ Bd7 6. Qxd4 exd5 7. Qxd5 Nc6
8. Nf3 Nf6 9. Qb3 Bc5 10. a3 O-O 11. Qc2 Rc8 12. e3 Qe7 13. Be2 Ne5 14. O-O
Rfe8 15. Rd1 Nfg4 16. h3 Nxf2 17. Kxf2 Nxf3 18. Bxf3 Bxe3+ 19. Bxe3 Qxe3+ 20.
Kg3 Qe5+ 21. Kf2 Qe3+ 22. Kg3 1/2-1/2

[Event "SC Gronau 1 - SK Bocholt 1"]
[Site "Regionalliga Münsterland 2018"]
[Date "2019.02.02"]
[Round "6.3"]
[White "Naumann, Felix"]
[Black "Ellenbroek, Ton"]
[Result "1-0"]
[WhiteElo "1860"]
[BlackElo "1973"]
[PlyCount "103"]
[EventDate "2019.??.??"]
[SourceDate "2019.02.09"]

1. d4 Nf6 2. Nf3 b6 3. Bf4 Bb7 4. e3 g6 5. Bd3 Bg7 6. Nbd2 O-O 7. c3 d6 8. Bg3
e5 9. dxe5 dxe5 10. Bc4 e4 11. Nd4 c5 12. Nb5 Nh5 13. Bd6 Re8 14. Qb3 Qd7 15.
Nc7 Nc6 16. Nxa8 Rxa8 17. Bg3 Na5 18. Qc2 Nxc4 19. Nxc4 Nxg3 20. hxg3 Qe6 21.
Na3 Rd8 22. O-O Rd3 23. Rad1 c4 24. Nb5 a6 25. Nd4 Qg4 26. b3 b5 27. bxc4 bxc4
28. Rb1 Bd5 29. Rb8+ Bf8 30. Qa4 Kg7 31. Qe8 Bd6 32. Rd8 Rd1 33. Nc2 Qe2 34.
Rxd1 Qxd1+ 35. Ne1 Qxe1+ 36. Kh2 Qe2 37. Qd7 Be6 38. Qxd6 Qxf2 39. Qd4+ Kh6 40.
Qxe4 Qxa2 41. Rg8 Qa5 42. Qf4+ Qg5 43. Ra8 Kh5 44. Rxa6 h6 45. Ra5 f5 46. Qe5
Bd7 47. Qd4 Bc6 48. Qxc4 Be4 49. Qe2+ Qg4 50. Qxg4+ Kxg4 51. Re5 Bd3 52. Re6
1-0

[Event "SC Gronau 1 - SK Bocholt 1"]
[Site "Regionalliga Münsterland 2018"]
[Date "2019.02.02"]
[Round "6.4"]
[White "Luetkehermoelle, Martin"]
[Black "Steiner, Karl"]
[Result "0-1"]
[WhiteElo "1968"]
[BlackElo "1916"]
[PlyCount "52"]
[EventDate "2019.??.??"]
[SourceDate "2019.02.09"]

1. e4 d6 2. d4 Nf6 3. Nc3 g6 4. f4 c6 5. Nf3 Bg7 6. Bd3 O-O 7. Be3 Nbd7 8. e5
Nd5 9. Nxd5 cxd5 10. O-O Nb6 11. b3 Bg4 12. Qe1 Bxf3 13. Rxf3 e6 14. Qb4 dxe5
15. fxe5 f6 16. exf6 Bxf6 17. Raf1 Be7 18. Rxf8+ Bxf8 19. Qd2 Qc7 20. Bf4 Bd6
21. Qe3 Re8 22. Qg3 Bxf4 23. Rxf4 Kg7 24. Qg5 Qe7 25. Qe5+ Kg8 26. Rf6 Nd7 0-1

[Event "SC Gronau 1 - SK Bocholt 1"]
[Site "Regionalliga Münsterland 2018"]
[Date "2019.02.02"]
[Round "6.5"]
[White "Hunhoff, Andreas"]
[Black "Langendijk, Andre"]
[Result "1/2-1/2"]
[WhiteElo "1793"]
[BlackElo "1929"]
[PlyCount "50"]
[EventDate "2019.??.??"]
[SourceDate "2019.02.09"]

1. f4 c5 2. Nf3 Nc6 3. e3 Nf6 4. Be2 g6 5. c4 Bg7 6. Nc3 O-O 7. O-O d5 8. cxd5
Nxd5 9. Bc4 Be6 10. Qe2 a6 11. Ng5 b5 12. Nxe6 fxe6 13. Bd3 Rc8 14. Be4 Qd6 15.
Qf3 Nxc3 16. dxc3 e5 17. Rd1 Qc7 18. Bd2 exf4 19. exf4 Qb6 20. Be3 Ne5 21. Qe2
Nc4 22. Bd5+ Kh8 23. Bxc4 bxc4 24. Rd7 Qe6 25. Qd2 Qe4 1/2-1/2

[Event "SC Gronau 1 - SK Bocholt 1"]
[Site "Regionalliga Münsterland 2018"]
[Date "2019.02.02"]
[Round "6.6"]
[White "Hoge, Torsten"]
[Black "Burike, Christian"]
[Result "0-1"]
[WhiteElo "1922"]
[BlackElo "1677"]
[PlyCount "82"]
[EventDate "2019.??.??"]
[SourceDate "2019.02.09"]

1. d4 e6 2. Bf4 d5 3. Nf3 Nf6 4. e3 c5 5. c3 Nc6 6. Nbd2 Be7 7. Bd3 O-O 8. h4
c4 9. Bc2 b5 10. a3 a5 11. Be5 Ng4 12. Bxh7+ Kh8 13. Bb1 f5 14. Nf1 Bf6 15. Bf4
Kg8 16. N1h2 Nxh2 17. Rxh2 Qe8 18. Ne5 Nxe5 19. Bxe5 Bd7 20. f4 Qe7 21. Bxf6
Rxf6 22. Bc2 Rff8 23. g3 b4 24. Qc1 bxc3 25. bxc3 Rfb8 26. Rb1 Rxb1 27. Bxb1
Ba4 28. Bc2 Bb3 29. Bxb3 cxb3 30. a4 Qc7 31. Rb2 Qc4 32. Kd2 Qxa4 33. Qb1 Rb8
34. h5 Qc4 35. g4 fxg4 36. h6 Qb5 37. Ke1 a4 38. Rg2 b2 39. Rxg4 Rb7 40. Kf2 a3
41. Qg1 Qd7 0-1

[Event "SC Gronau 1 - SK Bocholt 1"]
[Site "Regionalliga Münsterland 2018"]
[Date "2019.02.02"]
[Round "6.8"]
[White "Roevekamp, Wolfgang"]
[Black "Boeing, Frank"]
[Result "1/2-1/2"]
[WhiteElo "1384"]
[BlackElo "1822"]
[PlyCount "58"]
[EventDate "2019.??.??"]
[SourceDate "2019.02.09"]

1. e4 e6 2. d4 d5 3. exd5 exd5 4. Nf3 Nf6 5. Bd3 Be7 6. O-O Bg4 7. h3 Bh5 8.
Bf4 O-O 9. Nbd2 Nbd7 10. c3 c5 11. dxc5 Nxc5 12. Be2 Re8 13. Be3 Qc7 14. Nd4
Bg6 15. N2b3 a6 16. Nxc5 Bxc5 17. Bf3 Rad8 18. Bg5 Qe5 19. Bxf6 Qxf6 20. Nb3
Bd6 21. Bxd5 Qe5 22. g3 Bb8 23. c4 Ba7 24. Qf3 Qxb2 25. Bxb7 Rd3 26. Qg4 h5 27.
Qg5 Qc3 28. c5 Bb8 29. Rac1 Qb4 1/2-1/2

[Event "SF Olfen 1 - SG Turm Raesfeld/Erle 1"]
[Site "Regionalliga Münsterland 2018"]
[Date "2019.02.02"]
[Round "6.1"]
[White "Wilger, Frank"]
[Black "Koke, Christoph"]
[Result "0-1"]
[WhiteElo "2076"]
[BlackElo "2078"]
[PlyCount "160"]
[EventDate "2019.??.??"]
[SourceDate "2019.02.09"]

1. d4 Nf6 2. Nf3 g6 3. g3 Bg7 4. Bg2 O-O 5. O-O d5 6. Ne5 c6 7. Nd2 Nbd7 8. f4
Nxe5 9. fxe5 Ng4 10. Nf3 Qb6 11. Kh1 f6 12. exf6 exf6 13. b3 Re8 14. c4 dxc4
15. bxc4 Bf5 16. Nh4 Be4 17. h3 Nh6 18. Bxh6 Bxh6 19. Rxf6 Bg5 20. c5 Qb2 21.
Rf1 Bxh4 22. Bxe4 Rxe4 23. gxh4 Rxh4 24. Rf3 Rxd4 25. Qb3+ Qxb3 26. Rxb3 Rd7
27. Rab1 Rb8 28. a4 a5 29. Rb6 Rc7 30. Ra6 Re8 31. Rxa5 Rxe2 32. Ra7 Ree7 33.
Kg2 Kf7 34. a5 Kf6 35. a6 bxa6 36. Rxa6 Re2+ 37. Kg3 Rc2 38. Ra5 Ke5 39. Rb3
Kd4 40. Rb1 Rc3+ 41. Kg4 Re7 42. Rd1+ Kc4 43. Rd6 Rc7 44. Rd1 Kb4 45. Rda1 Kc4
46. R1a4+ Kd5 47. Ra1 Re7 48. Rd1+ Kc4 49. Rd6 Re4+ 50. Kg5 Re5+ 51. Kg4 Rxc5
52. Ra7 h5+ 53. Kh4 g5+ 54. Kxh5 Rxh3+ 55. Kg4 Rh4+ 56. Kg3 Kb5 57. Rb7+ Ka6
58. Rb8 Rh7 59. Rd1 Rb7 60. Ra8+ Kb6 61. Kg4 Kc7 62. Ra4 Rbb5 63. Rf1 Rd5 64.
Rf7+ Kb6 65. Rf6 Kc5 66. Re6 Kb6 67. Rc4 Rdc5 68. Ra4 Rb3 69. Re8 Kb5 70. Ra1
Rb4+ 71. Kh5 g4+ 72. Kh4 Rc3 73. Rb8+ Kc4 74. Rc8 Kd3 75. Rd1+ Kc2 76. Rd6 g3+
77. Kh3 c5 78. Rd5 c4 79. Rd4 Kb3 80. Kg2 Rd3 0-1

[Event "SF Olfen 1 - SG Turm Raesfeld/Erle 1"]
[Site "Regionalliga Münsterland 2018"]
[Date "2019.02.02"]
[Round "6.2"]
[White "Boesel, Alexander"]
[Black "Pollok, Ralf"]
[Result "1-0"]
[WhiteElo "2040"]
[BlackElo "2037"]
[PlyCount "79"]
[EventDate "2019.??.??"]
[SourceDate "2019.02.09"]

1. e4 c5 2. Nf3 g6 3. d4 cxd4 4. Nxd4 Nc6 5. Be3 Nf6 6. Nc3 Bg7 7. f3 O-O 8.
Bc4 Qa5 9. Qd2 Nxd4 10. Bxd4 Qb4 11. b3 a6 12. a3 Qa5 13. e5 Ne8 14. Nd5 Qxd2+
15. Kxd2 e6 16. Nb6 Rb8 17. f4 d6 18. Rae1 dxe5 19. Bxe5 Bxe5 20. fxe5 Nc7 21.
Ke3 Na8 22. Nxa8 Rxa8 23. Rd1 b5 24. Bd3 Bb7 25. Rd2 Rfd8 26. c4 bxc4 27. bxc4
Rac8 28. Rb1 Rc7 29. Rdb2 Rdd7 30. Bf1 Kg7 31. Rb6 Bc8 32. Rd6 Rc5 33. Rxd7
Bxd7 34. Kd4 Ra5 35. Rb6 Rxa3 36. Kc5 Ra1 37. Be2 a5 38. Kd6 Be8 39. c5 a4 40.
c6 1-0

[Event "SF Olfen 1 - SG Turm Raesfeld/Erle 1"]
[Site "Regionalliga Münsterland 2018"]
[Date "2019.02.02"]
[Round "6.4"]
[White "Beutelhoff, Josef"]
[Black "Gesing, Felix"]
[Result "1/2-1/2"]
[WhiteElo "1971"]
[BlackElo "1985"]
[PlyCount "60"]
[EventDate "2019.??.??"]
[SourceDate "2019.02.09"]

1. d4 Nf6 2. c4 c5 3. Nf3 cxd4 4. Nxd4 e5 5. Nb5 d5 6. cxd5 Bc5 7. N5c3 e4 8.
e3 O-O 9. a3 Nbd7 10. b4 Bd6 11. Bb2 Re8 12. Nd2 a5 13. b5 Nc5 14. Nb3 Bg4 15.
Qc2 Rc8 16. h3 Bh5 17. Nxc5 Rxc5 18. Qb3 Be5 19. g4 a4 20. Nxa4 Qa5+ 21. Qb4
Qxb4+ 22. axb4 Bxb2 23. Nxb2 Rc2 24. Nc4 Bg6 25. Nb6 h6 26. Bc4 Rd8 27. O-O Rd6
28. Nc8 Rd8 29. Nb6 Rd6 30. Nc8 Rd8 1/2-1/2

[Event "SF Olfen 1 - SG Turm Raesfeld/Erle 1"]
[Site "Regionalliga Münsterland 2018"]
[Date "2019.02.02"]
[Round "6.5"]
[White "Borutta, Niklas"]
[Black "Pinno, Gregor"]
[Result "1-0"]
[WhiteElo "2036"]
[BlackElo "1813"]
[PlyCount "87"]
[EventDate "2019.??.??"]
[SourceDate "2019.02.09"]

1. d4 d5 2. Nf3 Nf6 3. c4 dxc4 4. g3 e6 5. Bg2 Be7 6. O-O O-O 7. Qc2 a6 8. Qxc4
b5 9. Qc2 Bb7 10. Bg5 Nbd7 11. Bxf6 Nxf6 12. Nbd2 Rc8 13. Nb3 Be4 14. Qc1 Qd5
15. Rd1 Qh5 16. Nc5 Bxf3 17. Bxf3 Ng4 18. Bxg4 Qxg4 19. e3 Bxc5 20. dxc5 c6 21.
Rd6 Qf5 22. Qc3 h5 23. h4 Qf3 24. Rad1 Rfe8 25. R1d2 Kf8 26. Qa5 Qf5 27. b4 Kg8
28. a3 g5 29. hxg5 Qxg5 30. R2d4 e5 31. Rh4 Qf5 32. Qxa6 Qf3 33. Qb7 Red8 34.
Qe7 Rxd6 35. Qxd6 Re8 36. Qd7 Kf8 37. Qd6+ Kg8 38. Qh6 Qd1+ 39. Kh2 Qf3 40. Kg1
Qd1+ 41. Kg2 Qd5+ 42. e4 Qe6 43. Rxh5 Qxh6 44. Rxh6 1-0

[Event "SF Olfen 1 - SG Turm Raesfeld/Erle 1"]
[Site "Regionalliga Münsterland 2018"]
[Date "2019.02.02"]
[Round "6.6"]
[White "Preuss, Richard"]
[Black "Bergemann, Martin"]
[Result "0-1"]
[WhiteElo "1764"]
[BlackElo "1926"]
[PlyCount "52"]
[EventDate "2019.??.??"]
[SourceDate "2019.02.09"]

1. e4 c5 2. Nf3 a6 3. d4 cxd4 4. Nxd4 e5 5. Nb3 Nf6 6. Bg5 Be7 7. N1d2 d5 8.
exd5 Qxd5 9. Nc4 Qe6 10. Qe2 Nbd7 11. O-O-O O-O 12. f4 e4 13. Nd4 Qd5 14. Nb3
Qc6 15. Kb1 b5 16. Ne5 Nxe5 17. fxe5 Bg4 18. Nd4 Qc7 19. Qe1 Qxe5 20. Nc6 Qxg5
21. Nxe7+ Kh8 22. Be2 Qc5 23. Bxg4 Nxg4 24. Rd7 Nf6 25. Qd1 Nxd7 26. Qxd7 Ra7
0-1

[Event "SF Olfen 1 - SG Turm Raesfeld/Erle 1"]
[Site "Regionalliga Münsterland 2018"]
[Date "2019.02.02"]
[Round "6.7"]
[White "Broemmel, Rudolf"]
[Black "Boenigk, Winfried"]
[Result "1/2-1/2"]
[WhiteElo "1906"]
[BlackElo "1765"]
[PlyCount "51"]
[EventDate "2019.??.??"]
[SourceDate "2019.02.09"]

1. c4 Nf6 2. b3 d6 3. Bb2 e5 4. Nf3 g6 5. d3 Bg7 6. e3 O-O 7. Nbd2 a5 8. a3 Nc6
9. Be2 Ne8 10. d4 f5 11. dxe5 dxe5 12. e4 f4 13. c5 Qe7 14. Qc2 Bg4 15. b4 axb4
16. axb4 Rxa1+ 17. Bxa1 Kh8 18. b5 Bxf3 19. bxc6 Bxe2 20. cxb7 Bd1 21. Qxd1 Nf6
22. Qc2 c6 23. O-O Rb8 24. Rb1 Nd7 25. Nf3 Qxc5 26. Qxc5 1/2-1/2

[Event "SF Olfen 1 - SG Turm Raesfeld/Erle 1"]
[Site "Regionalliga Münsterland 2018"]
[Date "2019.02.02"]
[Round "6.8"]
[White "Steffens, Gerd"]
[Black "Boelker, Franz"]
[Result "1/2-1/2"]
[WhiteElo "1818"]
[BlackElo "1785"]
[PlyCount "59"]
[EventDate "2019.??.??"]
[SourceDate "2019.02.09"]

1. e4 c5 2. Nc3 d6 3. f4 Nc6 4. Nf3 e6 5. Bc4 a6 6. a4 Qc7 7. d3 Nf6 8. O-O Be7
9. Qe1 Nb4 10. Bb3 d5 11. Qe2 d4 12. Nd1 O-O 13. Nf2 Rd8 14. Ne5 Nc6 15. Nxc6
Qxc6 16. Ng4 Nxg4 17. Qxg4 Bd7 18. Bd2 b5 19. Qe2 Qb6 20. a5 Qc6 21. f5 c4 22.
dxc4 Qc5 23. fxe6 fxe6 24. Rf2 Rf8 25. Raf1 Bf6 26. Kh1 Rac8 27. e5 Bxe5 28.
Rxf8+ Rxf8 29. cxb5 Rxf1+ 30. Qxf1 1/2-1/2

[Event "SC Steinfurt 1 - SC Rochade Emsdetten 1"]
[Site "Regionalliga Münsterland 2018"]
[Date "2019.02.02"]
[Round "6.1"]
[White "Kabatianski, Alexander"]
[Black "Haselhorst, Helmut"]
[Result "1-0"]
[WhiteElo "2328"]
[BlackElo "2029"]
[PlyCount "89"]
[EventDate "2019.??.??"]
[SourceDate "2019.02.09"]

1. d4 Nf6 2. g3 d5 3. Bg2 Bf5 4. c4 c6 5. Nd2 e6 6. Ngf3 h6 7. O-O Nbd7 8. b3
Be7 9. Bb2 O-O 10. Ne1 a5 11. a3 b5 12. c5 Qc7 13. Nd3 Rad8 14. Rc1 Rfe8 15.
Re1 Ne4 16. Nf1 Ng5 17. Nd2 Ne4 18. Nb1 h5 19. e3 Ng5 20. Nf4 g6 21. Nc3 Nf6
22. f3 Bf8 23. Nce2 Bg7 24. Qd2 Nd7 25. Bc3 Ra8 26. Nd3 Nh7 27. e4 dxe4 28.
fxe4 Bg4 29. e5 Nhf8 30. Nf2 Bxe2 31. Rxe2 f6 32. Ne4 fxe5 33. Nd6 Reb8 34. b4
axb4 35. axb4 exd4 36. Bxd4 e5 37. Rf1 Ne6 38. Bc3 Rf8 39. Rfe1 Nd4 40. Bxd4
exd4 41. Re7 Rf6 42. Bh3 Rd8 43. Rxg7+ Kxg7 44. Re7+ Kf8 45. Qh6+ 1-0

[Event "SC Steinfurt 1 - SC Rochade Emsdetten 1"]
[Site "Regionalliga Münsterland 2018"]
[Date "2019.02.02"]
[Round "6.2"]
[White "Freitag, Julia"]
[Black "De Groote, Ewoud"]
[Result "1/2-1/2"]
[WhiteElo "2056"]
[BlackElo "2212"]
[PlyCount "88"]
[EventDate "2019.??.??"]
[SourceDate "2019.02.09"]

1. d4 f5 2. e3 Nf6 3. f4 g6 4. Nf3 Bg7 5. c3 b6 6. Nbd2 O-O 7. a4 Nc6 8. Bd3 e6
9. O-O a5 10. e4 fxe4 11. Nxe4 Bb7 12. Qe1 Qe7 13. Nfg5 Nxe4 14. Bxe4 Nd8 15.
Rf3 Bxe4 16. Qxe4 Nf7 17. Nxh7 Kxh7 18. Rh3+ Nh6 19. g4 d5 20. Qd3 Kg8 21. Qxg6
Rf6 22. Qh5 Qe8 23. Qh4 Qg6 24. Rg3 Qc2 25. Be3 Raf8 26. Rg2 Qe4 27. Re1 Rxf4
28. Bxf4 Qxf4 29. Qe7 e5 30. Qe6+ Kh8 31. dxe5 Nf7 32. Rf2 Qxf2+ 33. Kxf2 Ng5+
34. Qf5 Rxf5+ 35. gxf5 Ne4+ 36. Kf3 Bxe5 37. Rd1 c6 38. Rg1 Kh7 39. h4 c5 40.
Rd1 Nf6 41. Re1 Nd7 42. Rd1 Nf6 43. Re1 Nd7 44. Rd1 Nf6 1/2-1/2

[Event "SC Steinfurt 1 - SC Rochade Emsdetten 1"]
[Site "Regionalliga Münsterland 2018"]
[Date "2019.02.02"]
[Round "6.3"]
[White "Lehmann, Holger"]
[Black "Rieke, Theo"]
[Result "1/2-1/2"]
[WhiteElo "2139"]
[BlackElo "1953"]
[PlyCount "59"]
[EventDate "2019.??.??"]
[SourceDate "2019.02.09"]

1. c4 g6 2. Nc3 Bg7 3. d4 d6 4. e4 Nf6 5. h3 O-O 6. Bg5 c5 7. d5 b5 8. cxb5 a6
9. a4 Qa5 10. Bd2 axb5 11. Bxb5 Ba6 12. Nge2 Bxb5 13. Nxb5 Qb6 14. Nec3 Na6 15.
O-O Nc7 16. Qe2 Nxb5 17. Nxb5 Ne8 18. Bc3 Nc7 19. Qc4 Nxb5 20. Bxg7 Kxg7 21.
axb5 Rab8 22. Qc3+ Kg8 23. Ra5 Rb7 24. Rfa1 Rfb8 25. Qc4 Qd8 26. b4 Rc8 27.
bxc5 Rxc5 28. Qb4 Rb6 29. Qb2 f6 30. Qe2 1/2-1/2

[Event "SC Steinfurt 1 - SC Rochade Emsdetten 1"]
[Site "Regionalliga Münsterland 2018"]
[Date "2019.02.02"]
[Round "6.4"]
[White "Arning, Marcus"]
[Black "Ortmeier, Leonhard"]
[Result "0-1"]
[WhiteElo "1903"]
[BlackElo "2107"]
[PlyCount "48"]
[EventDate "2019.??.??"]
[SourceDate "2019.02.09"]

1. e4 c5 2. Nc3 a6 3. b3 g6 4. Bb2 Bg7 5. Qe2 Nc6 6. O-O-O d6 7. f4 Nd4 8. Qe1
b5 9. Nge2 Bb7 10. Ng3 Rc8 11. Nce2 Nxe2+ 12. Bxe2 Bxb2+ 13. Kxb2 c4 14. Bf3 b4
15. e5 Bxf3 16. gxf3 d5 17. f5 Qa5 18. Rc1 e6 19. f6 c3+ 20. Ka1 h5 21. dxc3
bxc3 22. a4 Nh6 23. h4 Rc4 24. Kb1 Rxa4 0-1

[Event "SC Steinfurt 1 - SC Rochade Emsdetten 1"]
[Site "Regionalliga Münsterland 2018"]
[Date "2019.02.02"]
[Round "6.5"]
[White "Mueller, Achim"]
[Black "Janning, Rainer"]
[Result "1/2-1/2"]
[WhiteElo "2049"]
[BlackElo "1876"]
[PlyCount "81"]
[EventDate "2019.??.??"]
[SourceDate "2019.02.09"]

1. e4 c6 2. d4 d5 3. exd5 cxd5 4. c4 Nf6 5. Nc3 e6 6. Nf3 Be7 7. cxd5 Nxd5 8.
Bd3 Nc6 9. O-O O-O 10. Re1 Bf6 11. a3 h6 12. Bc2 Nde7 13. Qd3 Ng6 14. Be3 Re8
15. Rad1 Nce7 16. Qe4 Nd5 17. Ne5 Nxc3 18. bxc3 Bxe5 19. dxe5 Qc7 20. Bd4 Bd7
21. h4 Bc6 22. Qg4 Qe7 23. Bxg6 fxg6 24. Qxg6 Qxh4 25. Re3 Rad8 26. Rde1 Re7
27. Bc5 Rf7 28. Rg3 Qc4 29. Bd6 Qf4 30. Qc2 Rf5 31. Qe2 Rf7 32. Qe3 Qxe3 33.
Rexe3 Kh7 34. Rg4 Rdd7 35. Reg3 Rf5 36. c4 Rdf7 37. f3 g5 38. Rd4 Rf4 39. Rg4
Kg6 40. Bc5 a6 41. Rgxf4 1/2-1/2